|
|
|
|
| LEADER |
00000naa2a2200000 4500 |
| 001 |
603785 |
| 005 |
20260204140057.0 |
| 035 |
|
|
|a (RuTPU)RU\TPU\conf\984
|
| 035 |
|
|
|a RU\TPU\conf\982
|
| 090 |
|
|
|a 603785
|
| 100 |
|
|
|a 20140205d2013 k y0rusy50 ca
|
| 101 |
0 |
|
|a rus
|
| 102 |
|
|
|a RU
|
| 135 |
|
|
|a drnn ---uucaa
|
| 181 |
|
0 |
|a i
|
| 182 |
|
0 |
|a b
|
| 200 |
1 |
|
|a Анализ следящей системы с комбинированным управлением в программной среде Labview
|f Ле Ван Туан
|g науч. рук. В. П. Казьмин
|
| 203 |
|
|
|a Текст
|c электронный
|
| 225 |
1 |
|
|a Автоматизация и управление в технических системах
|
| 300 |
|
|
|a Заглавие с титульного экрана
|
| 320 |
|
|
|a [Библиогр.: с. 247 (6 назв.)]
|
| 337 |
|
|
|a Adobe Reader
|
| 463 |
|
1 |
|0 (RuTPU)RU\TPU\conf\515
|t Молодежь и современные информационные технологии
|o сборник трудов XI Международной научно-практической конференции студентов, аспирантов и молодых ученых, г. Томск, 13-16 ноября 2013 г.
|f Национальный исследовательский Томский политехнический университет (ТПУ) ; под ред. Е. А. Сикоры и др.
|v [С. 245-247]
|d 2013
|
| 610 |
1 |
|
|a труды учёных ТПУ
|
| 610 |
1 |
|
|a электронный ресурс
|
| 610 |
1 |
|
|a следящие системы
|
| 610 |
1 |
|
|a комбинированное управление
|
| 610 |
1 |
|
|a программные среды
|
| 610 |
1 |
|
|a Labview
|
| 700 |
|
0 |
|a Ле Ван Туан
|
| 702 |
|
1 |
|a Казьмин
|b В. П.
|c специалист в области информатики и вычислительной техники
|c доцент Томского политехнического университета
|f 1943-
|g Виктор Павлович
|4 727
|
| 712 |
0 |
2 |
|a Национальный исследовательский Томский политехнический университет (ТПУ)
|b Институт кибернетики (ИК)
|b Кафедра автоматики и компьютерных систем (АИКС)
|3 (RuTPU)RU\TPU\col\18698
|
| 801 |
|
2 |
|a RU
|b 63413507
|c 20220328
|g RCR
|
| 856 |
4 |
|
|u http://earchive.tpu.ru/handle/11683/70225
|
| 856 |
4 |
|
|u http://www.lib.tpu.ru/fulltext/c/2013/C04/111.pdf
|
| 942 |
|
|
|c CF
|